CAFTA TLC: Potencial competitivo de los sectores productivos de Centroamérica
Guardat en:
| Autor corporatiu: | |
|---|---|
| Format: | Text |
| Publicat: |
San José:
Lara Segura y Asociados
|
| Matèries: | |
| Etiquetes: |
Afegir etiqueta
Sense etiquetes, Sigues el primer a etiquetar aquest registre!
|
MARC
| LEADER | 00000 a a2200000 04500 | ||
|---|---|---|---|
| 001 | 31228 | ||
| 003 | |||
| 040 | |||
| 020 | |a 9968-9898-5-7 | ||
| 090 | |a 0001 N946cf | ||
| 110 | |a Centro Internacional para el Desarrollo Humano | ||
| 245 | |a CAFTA TLC: Potencial competitivo de los sectores productivos de Centroamérica | ||
| 260 | |a San José: |b Lara Segura y Asociados | ||
| 300 | |a 66 p. | ||
| 650 | |a CONDICIONES ECONOMICAS | ||
| 650 | |a DESARROLLO ECONOMICO | ||
| 650 | |a LIBERALIZACION ECONOMICA | ||
| 650 | |a COMERCIO EXTERIOR | ||
| 650 | |a COSTA RICA | ||
| 650 | |a HODURAS | ||
| 650 | |a GUATEMALA | ||
| 650 | |a EL SALVADOR | ||
| 650 | |a NICARAGUA | ||
| 650 | |a CRECIMIENTO ECONOMICO | ||
| 650 | |a TASA DE INTERES | ||
| 650 | |a POBREZA | ||
| 650 | |a DESEMPLEO | ||
| 999 | |c 11754 |d 11754 | ||
